000 01312cam a2200265 a 4500
005 20140903175110.0
008 140526s2012 xxu fr 001 0 eng
020 _a9780674047488
040 _aCO-BoUCM
_cJose A. Gerena
_dJose A. Gerena
_bspa
041 0 _aeng
100 1 _aLevy, Jonathan
_961730
245 1 0 _aFreaks of fortune
_bthe emerging world of capitalism and risk in America
_cJonathan Levy
260 _aCambridge (Massachusetts, Estados Unidos)
_bHarvard University press
_c2012
300 _a414 páginas
504 _aIncluye referencias bibliográficas e índices
505 0 _aThe assumption of risk -- The perils of the seas -- The actuarial science of freedom -- The failure of the freedman's bank -- Betting the farm -- Fraternity in the age of capital -- Trading the future -- The trust question.
650 7 _aCapitalismo
_zEstados Unidos
_xHistoria
_ySiglo XIX
_910463
650 7 _aDesarrollo económico
_zEstados Unidos
_xHistoria
_ySiglo XIX
_912956
650 7 _aHistoria económica
_zEstados Unidos
_ySiglo XIX
_9173
650 7 _aHistoria
_zEstados Unidos
_ySiglo XIX
_961731
651 4 _aEstados Unidos
_xDesarrollo económico
_ySiglo XIX
_961732
690 _942842
_aHistoria de América
942 _a21
_cLIBRO
_e1
_mL668f
_2DEWEY
_h973.621
999 _c242459
_d242459